00829 2200277 4500001002100000005001700021008004100038020001800079035002400097082001100121090001800132100001900150245011100169250001100280260002500291300002400316440002200340500007000362650002600432700002200458700002300480850001200503980001500515985000600530999001500536YOGYA-0209000001799420090227022823.0 ind  a979-431-137-5 0010-020900000017994 a613.85 a613.85bArm P aARMSTRONG, Sue aPengaruh rokok terhadap kesehatancSue Armstrong; alih bahasa,Meitasari Tjandrasa;editor,Rianti bhaktiyani aCet. 2 aJakartabArcanc1992 a50 hlmbilusc19 cm aKesehatan populer aJudul asli : Teenage Information series Smoking,what's in it you? arokok-aspek kesehatan aCANDRA, Meitasari aBHAKTIYANI, Rianti aYOPDYOG a28-02-2006 a1 aP000000064